Crisis in the Caribbean (Record no. 62617)

MARC details
000 -LEADER
fixed length control field 00751nam a2200181 a 4500
008 - FIXED-LENGTH DATA ELEMENTS--GENERAL INFORMATION
fixed length control field 120416s1983 ||||||||||||||||| || u
050 ## - LIBRARY OF CONGRESS CALL NUMBER
Classification number JC 491 Cri
100 ## - MAIN ENTRY--PERSONAL NAME
Personal name Cohen, Robin
245 10 - TITLE STATEMENT
Title Crisis in the Caribbean
Statement of responsibility, etc. edited by Fitzroy Ambursely
260 ## - PUBLICATION, DISTRIBUTION, ETC.
Place of publication, distribution, etc. London
Name of publisher, distributor, etc. Heinemann
Date of publication, distribution, etc. 1983
300 ## - PHYSICAL DESCRIPTION
Extent xi, 276p. : ill.
350 ## - PRICE (NR) (BK AM CF MU VM SE) [OBSOLETE]
Price 0.00
650 ## - SUBJECT ADDED ENTRY--TOPICAL TERM
Topical term or geographic name entry element POLITICS
650 ## - SUBJECT ADDED ENTRY--TOPICAL TERM
Topical term or geographic name entry element POLITICAL CRISIS--CARIBBEAN
700 ## - ADDED ENTRY--PERSONAL NAME
Personal name Ambursely, Fitzroy
995 ## - RECOMMENDATION 995 [LOCAL, UNIMARC FRANCE]
-- 0.00
-- CBU-MAIN LIBRARY (Kitwe)
-- 2
-- 7.95
-- 1
-- AVAILABLE
-- Annex Low-Usage Collection
995 ## - RECOMMENDATION 995 [LOCAL, UNIMARC FRANCE]
-- 0.00
-- CBU-MAIN LIBRARY (Kitwe)
-- 1
-- 7.95
-- 2
-- AVAILABLE
-- Annex Low-Usage Collection
Holdings
Withdrawn status Lost status Source of classification or shelving scheme Damaged status Not for loan Home library Current library Shelving location Date acquired Total Checkouts Full call number Barcode Date last seen Price effective from Koha item type
          CBU-MAIN LIBRARY, KITWE. CBU-MAIN LIBRARY, KITWE.   12/15/2022   JC 491 Cri 009405 12/15/2022 12/15/2022 MONOGRAPH
          CBU-MAIN LIBRARY, KITWE. CBU-MAIN LIBRARY, KITWE.   12/15/2022   JC 491 Cr 009406 12/15/2022 12/15/2022 MONOGRAPH